000 00895cam a22002531 4500
001 he 66001933
003 DLC
005 20260227111442.0
008 740123s1966 is b 00000 eng
010 _ahe 66001933 //r852
025 _aPL480:IS-3384
041 1 _aengheb
043 _aa-is---
050 0 _aHG3361.P22
_bH413
082 _a332.1095694
100 1 0 _aHeth, Meir.
240 1 0 _aMosadot ha-banḳaʼiyim be-Yiśraʼel.
_lEnglish
245 1 0 _aBanking institutions in Israel.
_c[Translated by Charles Weiss]
260 0 _aJerusalem,
_bMaurice Falk Institute for Economic Research in Israel,
_c1966.
300 _a380 p.
_c25 cm.
500 _a"Published in Hebrew ... in 1963 ... Additional chapter summarizing developments during ... 1962 to 1964 was prepared ... for the English edition."
504 _aBibliographical footnotes.
650 0 _aBanks and banking
_zIsrael.
999 _c32041
_d32041